MCTS self -paced training kit (Exam 70-653) : (Record no. 189430)
[ view plain ]
| 000 -LEADER | |
|---|---|
| fixed length control field | 01441 a2200277 4500 |
| 003 - CONTROL NUMBER IDENTIFIER | |
| control field | Nust |
| 005 - DATE AND TIME OF LATEST TRANSACTION | |
| control field | 20220822113213.0 |
| 010 ## - LIBRARY OF CONGRESS CONTROL NUMBER | |
| LC control number | 2009930401 |
| 020 ## - INTERNATIONAL STANDARD BOOK NUMBER | |
| International Standard Book Number | 0735626782 (pbk.) |
| 020 ## - INTERNATIONAL STANDARD BOOK NUMBER | |
| International Standard Book Number | 9780735626782 (pbk.) |
| 035 ## - SYSTEM CONTROL NUMBER | |
| System control number | (OCoLC)ocn308176407 |
| 040 ## - CATALOGING SOURCE | |
| Transcribing agency | Nust |
| 082 04 - DEWEY DECIMAL CLASSIFICATION NUMBER | |
| Classification number | 005.2768,MUL |
| 100 1# - MAIN ENTRY--PERSONAL NAME | |
| Personal name | Mulzer, Beatrice. |
| 9 (RLIN) | 98282 |
| 245 10 - TITLE STATEMENT | |
| Title | MCTS self -paced training kit (Exam 70-653) : |
| Remainder of title | configuring Windows Small Business Server 2008 / |
| Statement of responsibility, etc. | Beatrice Mulzer, Walter Glenn and Scott Lowe. |
| 246 14 - VARYING FORM OF TITLE | |
| Title proper/short title | MCTS exam 70-653 : |
| Remainder of title | configuring Windows Small Business Server 2008 |
| 260 ## - PUBLICATION, DISTRIBUTION, ETC. | |
| Place of publication, distribution, etc. | Redmond, Wash. : |
| Name of publisher, distributor, etc. | Microsoft Press, |
| Date of publication, distribution, etc. | c2010. |
| 300 ## - PHYSICAL DESCRIPTION | |
| Extent | xxxvii, 422 p. : |
| Other physical details | ill. ; |
| Dimensions | 23 cm. |
| 505 ## - FORMATTED CONTENTS NOTE | |
| Formatted contents note | Installing Windows Small Business Server 2008 (Page-1), Managing Users (Page-53),Joining Client Computers To The Windows Small Business Server Domain (Page-81), Maintaining Systems And Services Avail(Page-125), Managing And Configuring Remote Access (Page-195), Managing Messaging And Collaboration (Page-239), Installing Windows Small Business Server 2008 (Page-291), Migrating To Windows Small Business Server 2008 (Page-335). |
| 650 #0 - SUBJECT ADDED ENTRY--TOPICAL TERM | |
| Topical term or geographic name entry element | Computer networks |
| General subdivision | Examinations |
| 9 (RLIN) | 94252 |
| 650 #0 - SUBJECT ADDED ENTRY--TOPICAL TERM | |
| Topical term or geographic name entry element | Electronic data processing personnel |
| General subdivision | Certification. |
| 9 (RLIN) | 81704 |
| 650 #0 - SUBJECT ADDED ENTRY--TOPICAL TERM | |
| Topical term or geographic name entry element | Microsoft software |
| General subdivision | Development |
| -- | Examinations |
| 9 (RLIN) | 98283 |
| 700 1# - ADDED ENTRY--PERSONAL NAME | |
| Personal name | Glenn, Walter J. |
| 9 (RLIN) | 98284 |
| 700 1# - ADDED ENTRY--PERSONAL NAME | |
| Personal name | Lowe, Scott. |
| 9 (RLIN) | 22561 |
| 942 ## - ADDED ENTRY ELEMENTS (KOHA) | |
| Source of classification or shelving scheme | |
| Koha item type | Book |
| Call number prefix | 005.2768,MUL |
| Withdrawn status | Lost status | Source of classification or shelving scheme | Damaged status | Not for loan | Permanent Location | Current Location | Date acquired | Full call number | Barcode | Date last seen | Price effective from | Koha item type | Public note |
|---|---|---|---|---|---|---|---|---|---|---|---|---|---|
| Military College of Signals (MCS) | Military College of Signals (MCS) | 12/12/2016 | 005.2768,MUL | MCS35178 | 12/08/2016 | 12/12/2016 | Book | Almirah No.5, Shelf No.6 |
